Normal view
MARC view
- Camargo, Edmar
Entry Personal Name
001 - CONTROL NUMBER
- control field: 96954
003 - CONTROL NUMBER IDENTIFIER
- control field: NUST
005 - DATE AND TIME OF LATEST TRANSACTION
- control field: 20220812110006.0
008 - FIXED-LENGTH DATA ELEMENTS
- fixed length control field: 220812|| aca||aabn | a|a d
040 ## - CATALOGING SOURCE
- Original cataloging agency: NUST
- Transcribing agency: NUST
100 ## - HEADING--PERSONAL NAME
- Personal name: Camargo, Edmar
670 ## - SOURCE DATA FOUND
- Source citation: Work cat.: (NUST)175657: Camargo, Edmar., Design of FET frequency multipliers and harmonic oscillators /, c1998.
